Variasi seni mengait

Bibliographic Details
Main Author: Nik Azizah Daud
Format: Book
Published: Selangor : Alaf 21 , 2006
Subjects:

MARC

LEADER 00000cam a2200000 7i4500
001 0000014628
005 20080324.0
008 080304
020 |a 9831242246 
090 0 0 |a 746.43   |b NIK 
100 0 |a Nik Azizah Daud 
245 1 0 |a Variasi seni mengait   |c Nik Azizah Daud 
260 |a Selangor :   |b Alaf 21 ,   |c 2006 
650 0 |a Crochetting   |x Handbooks,manual,etc 
650 0 |a Knitting   |x Handbooks,manual,etc 
650 0 |a Knitting   |x Patterns 
999 |a 0001013028   |b Book   |c Adult Collection   |e Perbadanan Perpustakaan Awam Johor 
999 |a 0001013029   |b Book   |c Adult Collection   |e Perbadanan Perpustakaan Awam Johor 
999 |a 0001013030   |b Book   |c Adult Collection   |e Perbadanan Perpustakaan Awam Johor 
999 |a 0001013032   |b Book   |c Adult Collection   |e Perbadanan Perpustakaan Awam Johor